000 00489cam a2200181 a 4500
001 13309876
005 20250424134744.0
008 030521s2003 gh a s 001 0 eng
020 _a9964978952
050 0 0 _aHC1060
_b.A55 2003
082 0 0 _a330.9667
_222
100 1 _aAnin, T. E.
245 1 3 _aAn economic blueprint for Ghana /
_cT.E. Anin.
260 _aAccra :
_bWoeli Pub. Services,
_c2003.
300 _a159 p. :
_bill. ;
_c22 cm.
500 _aIncludes index.
942 _2lcc
_cBK
_n0
999 _c5527
_d5527